1330 1232 1443 1572 1570 1846 1493 1129 1776 1520 1654 1635 1744 1307 1936 1887 1182 1849 1607 1326 1615 1335 1636 1713 1783 1879 1737 1866 1518 1424 1946 1721 1430 1753 1990 1214 1251 1714 1014 1299 1659 1233 1691 1876 1273 1664 1610 1347 1954 1076 1179 1548 1841 1317 1688 1652 1795 1742 1986 1696 1917 1477 1744 1566 1925 1642 1933 1534 1451 1628 1468 1485 1165 1749 1844 1409 1804 1287 1711 1245 1495 1739 1076 1200 1123 1667 1108 1854 1379 1424 1046 1984 1719 1397 1123 1063 1530 1044 1074 BCNSPRNW ULIB Ver.6.0+V

เปลี่ยนเป็นภาษาไทย

Change to English
 แสดงรายละเอียดบรรณานุกรม
  กลับหน้าหลัก

Brief Record : Get Marc (ISO 2709) : E-mail record : QR code < ปิดหน้าต่าง
LEADER : 00000nam 2200000uu 4500
001    13399128446
003     ULIB
008    230828s2022||||th 000 0 tha d
020    ^a9781264257881
060 04 ^aWM34^bF527
245 00 ^aFirst aid for the psychiatry clerkship /^cseries editors,Latha G. Stead, S. Matthew Stead, Matthew S. Kaufman ;faculty advisor, Gabrielle J. Melin
250    ^a6nd ed.
260    ^aBoston :^bMcGraw-Hill Medical Pub. Division,^c2022
300    ^avii, 240 p. ;^c28 cm.
500    ^aIncludes index
650  2 ^aMental Disorders^vhandbooks
650  2 ^aClinical Clerkship^vhandbooks
650  2 ^aPsychiatry^vhandbooks
700 1  ^aStead, Latha G.,^eed.
700 1  ^aStead, S. Matthew,^eed.
700 1  ^aKaufman, Matthew S.,^eed.
945    ^p1245^l0^i010202
999    ^aประนอม เกษจรัล
รายการนี้ยังไม่มีแท็ก
คุณยังไม่ได้ล็อกอิน คุณสามารถมีกิจกรรมร่วมกับเว็บไซต์ได้ แต่ต้องล็อกอินก่อน ::
  ล็อกอิน

รายการสื่อสารสนเทศ

ลำดับที่ ประเภท เลขเรียก/บาร์โค้ด สถานที่ สถานะ
1. วิทยาศาสตร์การแพทย์ และสุขภาพ
หนังสือสำรอง
สถานะ=หนังสือสำรอง
WM34 F527 ฉ.1 
  Barcode: 010202
ห้องสมุดวิทยาเขตสวรรค์ประชารักษ์
►หนังสือทั่วไป
บนชั้น

BibComment


ยังไม่เคยถูกคอมเมนท์

คอมเมนท์ทรัพยากรรายการนี้
  คอมเมนท์: First aid for th..


 Copyright 2026. Bcnsprnw @Library